| 000 | 00582nam a2200193 a 4500 | ||
|---|---|---|---|
| 005 | 20240925064616.0 | ||
| 008 | 010705s1998 mx r 000 0 spa d | ||
| 020 | _a8448111885 | ||
| 035 | _aUPN01000109264 | ||
| 049 | _aCG | ||
| 050 | 4 |
_aBF698 _bP4.38 |
|
| 100 | 1 | _aPervin, Lawrence A. | |
| 245 | 1 | 3 |
_aLa ciencia de la personalidad / _cLawrence A. Pervin ; tr. Ana Tous Rovirosa. |
| 260 |
_aMadrid : _bMcGraw-Hill Interamericana, _cc1998. |
||
| 300 | _axxxiii, 504 p. | ||
| 534 |
_pTraducción de: _tThe science of personality |
||
| 650 | 4 |
_aPersonalidad _97690 |
|
| 905 | _aLibro | ||
| 999 |
_c83175 _d83175 |
||